| 000 | 01649nam a2200301Ia 4500 | ||
|---|---|---|---|
| 999 |
_c54740 _d54740 |
||
| 001 | 21807 | ||
| 003 | GE_BSU | ||
| 005 | 20220516154714.0 | ||
| 008 | 181216s2017||||ge |||||||||||||| ||geo|| | ||
| 020 | _a9789941473272 | ||
| 040 | _cGE_BSU | ||
| 041 | _ageo | ||
| 080 | _a327 ბ-84 | ||
| 100 |
_aბონიფასი, პასკალ _913743 |
||
| 245 |
_aშევიცნოთ მსოფლიო : _bსაერთაშორისო ურთიერთობები ყველასათვის / _cპასკალ ბონიფასი ; ფრანგ. თარგმნა ნ. ჩიტიშვილმა ; სამეცნ. რედ. მ. მაცაბერიძე. |
||
| 264 |
_aთბილისი : _bმწიგნობარი, _c2017. |
||
| 300 |
_a285 გვ. : _bილ. ; _c20 სმ. |
||
| 500 | _aწიგნი გამოიცა ფრანგული ინ-ტის საგამომცემლო დახმარების პროგრამის ფარგლებში | ||
| 500 | _a | ||
| 541 | _h5 ლ. | ||
| 546 | _aპარალელური სათაური ინგლისურ ენაზე | ||
| 653 | _aპოლიტიკა | ||
| 653 | _aშევიცნოთ მსოფლიო | ||
| 653 | _aსაერთაშორისო ურთიერთობები ყველასათვის | ||
| 700 |
_aჩიტიშვილი, ნ. _eმთარგმნელი _913744 |
||
| 700 |
_aმაცაბერიძე, მ. _eრედაქტორი _913745 |
||
| 942 |
_cBK _2udc |
||